New line on distraint could lead to distress (Record no. 68367)

MARC details
000 -LEADER
fixed length control field 01206cam a2200229 4500
001 - CONTROL NUMBER
control field ABS64558
008 - FIXED-LENGTH DATA ELEMENTS--GENERAL INFORMATION
fixed length control field 010926n2001 000 0 eng u
035 ## - SYSTEM CONTROL NUMBER
System control number (Sirsi) u114836
100 ## - MAIN ENTRY--PERSONAL NAME
Personal name Joyce, J.
245 ## - TITLE STATEMENT
Title New line on distraint could lead to distress
260 ## - PUBLICATION, DISTRIBUTION, ETC.
Date of publication, distribution, etc. 2001
490 ## - SERIES STATEMENT
Series statement Estates Gazette
Volume/sequential designation (0138) 22 September 2001, 186-187(2)
520 ## - SUMMARY, ETC.
Summary, etc. The Lord Chancellor's Department (LCD) is seeking to modify distress to bring it in line with the European Convention on Human Rights. The LCD is proposing to abolish distress in the residential sector, and modify it in the commercial sector. It recognises that the commercial property world relies heavily on distress to recover rent arrears. Sets out, and discusses, the main features of the LCD's consultation paper on commercial property distress. Suggests that the proposed modifications risk making the remedy of distress unworkable.
590 ## - LOCAL NOTE (RLIN)
Local note ABS
650 ## - SUBJECT ADDED ENTRY--TOPICAL TERM
Topical term or geographic name entry element DISTRESS FOR RENT
650 ## - SUBJECT ADDED ENTRY--TOPICAL TERM
Topical term or geographic name entry element PROPERTY-COMMERCIAL PROPERTY
650 ## - SUBJECT ADDED ENTRY--TOPICAL TERM
Topical term or geographic name entry element RENT ARREARS
650 ## - SUBJECT ADDED ENTRY--TOPICAL TERM
Topical term or geographic name entry element CONVENTION FOR THE PROTECTION OF HUMAN RIGHTS AND FUNDAMENTAL FREEDOMS
650 ## - SUBJECT ADDED ENTRY--TOPICAL TERM
Topical term or geographic name entry element CONSULTATION
690 ## - LOCAL SUBJECT ADDED ENTRY--TOPICAL TERM (OCLC, RLIN)
Topical term or geographic name as entry element PROPERTY-LANDLORD AND TENANT
942 ## - ADDED ENTRY ELEMENTS (KOHA)
Suppress in OPAC 0
Holdings
Withdrawn status Lost status Source of classification or shelving scheme Damaged status Not for loan Home library Current library Shelving location Date acquired Total Checkouts Full call number Barcode Date last seen Copy number Price effective from Koha item type
    Dewey Decimal Classification     London London Journal article 26/09/2001   ABS64558 114836-1001 06/08/2019 1 06/08/2019 Journal article